01873pam a2200349 a 4500001001000000003000300010005001700013008004100030015001900071016001800090020003000108020002700138040004000165042001600205082002000221100005100241245005200292250001200344260006000356300006200416500002400478504004100502505047500543520021401018590001101232650003501243650003701278651001001315942002401325999001701349952015701366014844788Uk20161121140443.0081125s2009 mauaf frb 001 0 eng d aGBA8D63842bnb7 a0148447882Uk a9780312487256 (US : pbk.) a0312487258 (US : pbk.) aStDuBDSbengcStDuBDSdUkdEG-ScBUE aukblcatcopy04222a791.43bPHI1 aPhillips, William H.,‏ ‎d1940-‏ 94169010aFilm :ban introduction /cWilliam H. Phillips. a4th ed. aBoston, Massauchettes :bBedford/St. Martin's,cc.2009. axxv, 726 p., [16] of plates :bill. (some col.) ;c24 cm. aIndex : p. 705-726. aIncludes bibliographical references. aMise en scène --Cinematography -- Editing -- Sound -- Sources for fictional films -- Components of fictional films -- Types of fictional films -- Documentary films -- Experimental, hybrid, and animated films -- Understanding films through contexts -- Thinking about films -- Reading and writing about films -- A sample description and analysis : The player -- Appendices : A chronology : film in context (1895-2008) -- Illustrated glossary -- How to read film credits. a This clear, well illustrated text takes the reader through the basics of film analysis, drawing on a wide range of film for discussion. Questions of genre and the contexts and meanings of film are considered. aWessam 7aMotion pictures.2BUEsh936104 0aMotion picturesxHistory.2BUEsh 2BUEsh 2ddce22k791.43 PHI c23235d23207 00102ddc40708BaccahaMAINbMAINc2NDd2016-11-21ePurchaseg351.00h25840l6m43o791.43 PHIp000034814r2025-07-15 00:00:00s2025-01-28v438.75yBB